00788nam a2200169Ia 4500001001100000003000500011008004100016010001100057040000900068100003700077245025300114260003400367300002200401502010500423700004000528710005000568Para_10055CHAP220125sNovi xx 000 0 und d a208741 cCHAP aGarcía Contreras, Irving Bogar aEfectividad biológica de bramai 001 para el control de mildiú Pseudoperonospora cubensis (Berk. & M. A. Curtis) Rostovzev en pepino (Cucumis sativus L.) en Cuautla, Morelos /c Irving Bogar García Contreras; Director Santos Gerardo Leyva Mir aChapingo, Méx. :b el autor a1 CDS ROM (42 p.) aTesis (Ing. Agr. Esp. en Parasitología Agrícola). UACh. Departamento Parasitología Agrícola aLeyva Mir, Santos Gerardo. Director aUACh. Departamento Parasitología Agrícola